[Event "chess.com SpeedChess Q1Sw"]
[Site "chess.com INT"]
[Date "2023.08.21"]
[Round "6"]
[White "Indjic, A."]
[Black "Ter Sahakyan, S."]
[Result "1-0"]
[WhiteElo "2601"]
[BlackElo "2609"]
[PlyCount "81"]
[EventDate "2023.08.21"]

1. Nf3 d5 2. c4 d4 3. b4 c5 4. e3 dxe3 5. fxe3 cxb4 6. d4 g6 7. Bd3 Nf6 8. Bb2 ({RR} 8. O-O Bg7 9. a3 bxa3 10. Bxa3 O-O 11. Nc3 Nc6 12. Kh1 b6 13. e4 Bg4 14. e5 Nh5 15. Be4 Rc8 16. Bxc6 Rxc6 17. Nd5 Rxc4 18. Nxe7+ Kh8 19. Qb3 Rc7 20. Ng5 Be6 21. Nxe6 fxe6 22. Qxe6 Nf4 {Aravindh,C (2718)-Nakamura,H (2802) chess.com INT 2024 1-0}) ({RR} 8. O-O Bg7 9. a3 bxa3 10. Nc3 O-O 11. Bxa3 a5 12. Rb1 Nc6 13. Qe1 b6 14. Qh4 Nb4 15. Rxb4 axb4 16. Bxb4 Re8 17. Ne5 Bb7 18. Nxf7 Qc8 19. Ne5 Qe6 20. Ne2 Nh5 21. Nf4 Nxf4 22. exf4 Bxe5 {Crump. Alexander J (2049)-Yang,Q (2229) Charlotte USA 2025 ½-½ (179)}) ({RR} 8. O-O Bg7 9. e4 e5 10. d5 Na6 11. Bb2 Nd7 12. Nbd2 Nac5 13. Bc2 O-O 14. a3 bxa3 15. Bxa3 Re8 16. Kh1 b6 17. Bb2 a5 18. Ra3 Ba6 19. Qe1 Rc8 20. Qa1 Nb7 21. Bd3 f6 22. Rc1 Ndc5 {Kiewra,K (2287)-Indjic,A (2610) chess.com INT 2024 0-1 (60)}) 8... Bh6 $146 ({RR} 8... Bg7 9. O-O O-O 10. e4 e5 11. Nxe5 Ng4 12. Qe2 Nxe5 13. dxe5 Nc6 14. Nd2 Nxe5 15. Bc2 Be6 16. Rac1 Qb6+ 17. Kh1 Rac8 18. Bb1 Rfd8 19. a3 bxa3 20. Bxa3 Qa5 21. Rc2 Qxa3 22. Ra2 Qc5 23. Rb2 {Golubovskis,M (2210)-Rychagov,N (1985) Chess.com INT 2021 0-1 (32)}) 9. Qe2 O-O 10. Nbd2 a5 11. e4 Nh5 12. g3 Bg4 13. Qf2 Bxf3 14. Nxf3 Nd7 15. e5 Nb6 16. O-O Rc8 17. Bc1 Bxc1 18. Raxc1 e6 19. Qe3 Rc7 20. g4 Ng7 21. Ng5 Nd7 22. Rf3 f5 23. gxf5 exf5 24. Kh1 Qe7 25. Rg1 b5 26. c5 h6 27. Nh3 g5 28. Nxg5 hxg5 29. Rxg5 Nxc5 30. dxc5 f4 31. Qg1 Rd8 32. c6 Rxc6 33. Be4 Rc3 34. Rxf4 Rdc8 35. Rfg4 Rc1 36. Rxg7+ Kf8 37. Rg8+ Kf7 38. R4g7+ Ke6 39. Rxe7+ Kxe7 40. Rxc8 Rxg1+ 41. Kxg1 1-0

[Event "chess.com SpeedChess Q1Sw"]
[Site "chess.com INT"]
[Date "2023.08.21"]
[Round "9"]
[White "Nakamura, Hi"]
[Black "Donchenko, Alexa"]
[Result "1-0"]
[WhiteElo "2787"]
[BlackElo "2684"]
[PlyCount "117"]
[EventDate "2023.08.21"]

1. Nf3 d5 2. b3 Nf6 3. e3 e6 4. Bb2 Bd6 5. c4 O-O 6. d4 ({RR} 6. Nc3 b6 7. Qc2 c6 8. Be2 Bb7 9. cxd5 exd5 10. O-O Nbd7 11. Rac1 Re8 12. Rfd1 Nc5 13. d3 Rc8 14. b4 Ne6 15. Qb3 Qe7 16. a3 c5 17. bxc5 bxc5 18. Nb5 Bb8 19. Bxf6 gxf6 20. Rb1 Bc6 {So,W (2812)-Caruana,F (2808) Paris 2017 0-1 (59)}) 6... b6 ({RR} 6... Ne4 7. Bd3 Bb4+ 8. Nbd2 f5 9. O-O c6 10. Rc1 Nd7 11. a3 Bd6 12. Ne5 Nxe5 13. dxe5 Be7 14. f3 Nc5 15. Bc2 a5 16. Qe2 Bd7 17. e4 dxe4 18. fxe4 f4 19. Rf3 Be8 20. Qf2 Bh5 21. Rc3 {Demchenko,Y (2201)-De Boer,E (2409) chess.com INT 2025 0-1}) 7. cxd5 exd5 8. Bd3 $146 ({RR} 8. Nc3 Bb7 9. g3 Nbd7 10. Bg2 Ba6 11. a3 c5 12. b4 Bc4 13. Nd2 cxb4 14. axb4 Qc7 15. Rc1 Bxb4 16. Nxd5 Nxd5 17. Bxd5 b5 18. Bxa8 Rxa8 19. f3 a5 20. Kf2 Nb6 21. d5 f5 22. Bd4 Bc5 {Parligras,M (2633)-Stefansson,H (2558) Reykjavik 2019 1-0}) ({RR} 8. Nc3 Bb7 9. a3 a6 10. b4 Nbd7 11. b5 axb5 12. Nxb5 Be7 13. Bd3 Ne4 14. Qc2 Rc8 15. O-O h6 16. Na7 Ra8 17. Nc6 Bxc6 18. Qxc6 Ndf6 19. a4 Bd6 20. Ba3 Bxa3 21. Rxa3 Qd6 22. Qc1 c5 {Nakamura,H (2788)-Cuenca Jimenez,J (2499) chess.com INT 2024 1-0 (54)}) 8... Re8 9. O-O Ba6 10. a3 c6 11. Bxa6 Nxa6 12. Qd3 Nc7 13. Rc1 c5 14. dxc5 bxc5 15. Nbd2 Rb8 16. Rab1 h6 17. Rd1 Qe7 18. Nh4 Qe6 19. Nf5 Bf8 20. Qc2 Rec8 21. Ng3 Nb5 22. a4 Nd6 23. Bxf6 Qxf6 24. Nf3 c4 25. b4 Ne4 26. b5 Qc3 27. Qa2 Nf6 28. Nd4 Bc5 29. Nc6 Rb7 30. Ra1 a6 31. Nf5 axb5 32. axb5 Re8 33. Ncd4 Ne4 34. Rab1 Ra7 35. Qe2 Bb6 36. Qg4 Bxd4 37. Rxd4 Ng5 38. h4 Ne6 39. Rxd5 Ra1 40. Rdd1 Rxb1 41. Rxb1 Qc2 42. Rf1 c3 43. b6 Qb3 44. Nxh6+ Kf8 45. Nf5 Qxb6 46. Qc4 Qc5 47. Qxc5+ Nxc5 48. Rc1 Na4 49. Nd4 Rc8 50. Kf1 Nb2 51. Ke2 f6 52. Nb5 Na4 53. Kd3 Nc5+ 54. Kc2 Ne4 55. f3 Ng3 56. Nd4 f5 57. Kd3 f4 58. Ne6+ Ke7 59. Nxf4 1-0

[Event "chess.com SpeedChess Q1Sw"]
[Site "chess.com INT"]
[Date "2023.08.21"]
[Round "10"]
[White "Jones, G."]
[Black "Ter Sahakyan, S."]
[Result "1-0"]
[WhiteElo "2618"]
[BlackElo "2609"]
[PlyCount "79"]
[EventDate "2023.08.21"]

1. Nf3 d5 2. c4 d4 3. b4 c5 4. Bb2 Nf6 5. g3 Qc7 6. b5 e5 7. d3 Bd6 ({RR} 7... g6 8. Bg2 Bg7 9. O-O O-O 10. a4 a5 11. Nbd2 Nbd7 12. Qc2 Rb8 13. Rae1 h6 14. e3 b6 15. Re2 Bb7 16. Bc1 Rbd8 17. h3 Rfe8 18. e4 Nf8 19. Nh4 Qe7 20. Nhf3 N8h7 21. Nh2 Bc8 22. Qd1 {Doroodgar,A (2390)-Ter Sahakyan,S (2611) chess.com INT 2025 0-1 (45)}) 8. Nbd2 O-O 9. Bg2 h6 10. Qc2 $146 ({RR} 10. O-O Be6 11. a4 a5 12. e4 Nbd7 13. Nh4 g6 14. Bc1 Kh7 15. Nb3 Qd8 16. Qe1 Be7 17. f4 exf4 18. gxf4 Nh5 19. Nf3 f5 20. Bh3 b6 21. Ra2 Bd6 22. Nh4 Re8 23. Rg2 Nf8 24. Qf2 Qd7 {Ankitha,G (1980)-Van Meegen,R (2287) Groningen NED 2022 0-1 (37)}) 10... Re8 11. e4 dxe3 12. fxe3 Ng4 13. Ke2 f5 14. Nh4 f4 15. Bd5+ Be6 16. Bxe6+ Rxe6 17. Nf5 Nd7 18. Ne4 Rf8 19. h3 Nxe3 20. Nxe3 fxe3 21. Raf1 Nf6 22. Kxe3 Be7 23. Qg2 Kh8 24. Bc3 Qd7 25. Nxf6 Bxf6 26. Qe4 Rd6 27. Ke2 a6 28. a4 axb5 29. axb5 Re8 30. h4 Rd4 31. Qf5 Qxf5 32. Rxf5 Rd7 33. Re1 e4 34. Bxf6 exd3+ 35. Kd2 Rxe1 36. Kxe1 gxf6 37. Rxc5 d2+ 38. Kd1 Rd4 39. Rc7 Kg8 40. b6 1-0

[Event "chess.com SpeedChess Q1Sw"]
[Site "chess.com INT"]
[Date "2023.08.21"]
[Round "13"]
[White "Nakamura, Hi"]
[Black "Sarana, A."]
[Result "1-0"]
[WhiteElo "2787"]
[BlackElo "2685"]
[PlyCount "57"]
[EventDate "2023.08.21"]

1. Nf3 d5 2. b3 c5 3. e3 Nc6 4. d4 cxd4 5. exd4 Bg4 ({RR} 5... Nf6 6. Bb2 Bg4 7. Be2 Bxf3 8. Bxf3 e6 9. O-O Bd6 10. c4 O-O 11. Na3 Rc8 12. Nb5 Bb8 13. Rc1 a6 14. cxd5 exd5 15. Nc3 b5 16. g3 Ba7 17. Ne2 Re8 18. Re1 Qd7 19. Qd3 Nb4 20. Qb1 {Sopko,C (1835)-Ten Hacken,J (2020) Prague CZE 2025 ½-½ (31)}) 6. c3 ({RR} 6. Be2 e6 7. O-O Bd6 8. Bb2 Nge7 9. c4 O-O 10. h3 Bxf3 11. Bxf3 Bc7 12. Na3 Nf5 13. Nb5 Bb8 14. cxd5 exd5 15. Re1 a6 16. Nc3 Nfe7 17. Qd2 Qd6 18. g3 Ba7 19. Ne2 Nf5 20. Bg2 Rad8 {Marangunic,S (2451)-Kovacevic,B (2429) Zagreb 1999 1-0 (59)}) 6... e6 $146 ({RR} 6... Nf6 7. Be2 e6 8. O-O Bd6 9. Ne5 Bxe5 10. Bxg4 Bc7 11. Ba3 Rc8 12. Nd2 Bd6 13. Bxd6 Qxd6 14. Be2 O-O 15. Bd3 Ne7 16. Rc1 Rc7 17. Nf3 Ng6 18. Bxg6 hxg6 19. c4 Qa3 20. Qe2 Rfc8 21. Ne5 {Stegaroiu,M (1849)-Nanu,C (2520) Sebes ROU 2023 0-1 (41)}) 7. Bd2 Bd6 8. Be2 Nf6 9. O-O Ne4 10. Ne1 Bf5 11. Be3 O-O 12. g3 Rc8 13. f3 Nf6 14. Bd3 Bh3 15. Rf2 Re8 16. f4 Ng4 17. Re2 Nf6 18. Rc2 Ne7 19. Nd2 Nf5 20. Bf2 Ng4 21. Qe2 Nxf2 22. Qxf2 Bg4 23. Kg2 Bh5 24. Ndf3 Bg6 25. Qd2 Rc7 26. Kg1 Qf6 27. Ne5 Rec8 28. N1f3 Ne7 29. Ng4 1-0

[Event "chess.com SpeedChess Q1Sw"]
[Site "chess.com INT"]
[Date "2023.08.21"]
[Round "14"]
[White "Svane, R."]
[Black "Kamsky, G."]
[Result "1-0"]
[WhiteElo "2631"]
[BlackElo "2641"]
[PlyCount "137"]
[EventDate "2023.08.21"]

1. Nf3 d5 2. g3 Nf6 3. Bg2 c6 4. O-O Bf5 5. c4 e6 6. Qb3 Qb6 7. d3 h6 8. cxd5 ({RR} 8. Be3 Qc7 9. Nc3 Be7 10. Bf4 Qb6 11. cxd5 exd5 12. Rfe1 Nbd7 13. e4 dxe4 14. dxe4 Be6 15. Qxb6 Nxb6 16. Nd4 Bd7 17. Nf5 g6 18. Nd6+ Bxd6 19. Bxd6 Be6 20. e5 Nfd5 21. Ne4 O-O-O 22. b3 Nc7 {Grandelius,N (2691)-Ramirez Alvarez,A (2589) chess24.com INT 2020 1-0 (51)}) 8... exd5 ({RR} 8... Qxb3 9. axb3 exd5 10. Bd2 Nbd7 11. b4 Be7 12. Bc3 O-O 13. Nbd2 a6 14. Nb3 Bd8 15. Nfd4 Bg6 16. Rfe1 Bb6 17. Kf1 Rfe8 18. Rad1 Re7 19. f3 Rae8 20. Bh3 Ne5 21. Nc5 a5 22. Ndb3 axb4 23. Bxb4 {Svane,R (2625)-Tristan,L (2531) chess.com INT 2025 1-0}) 9. Qc2 Na6 $146 ({RR} 9... Qc5 10. Qc3 Nbd7 11. Be3 Qxc3 12. bxc3 Bd6 13. a4 O-O 14. a5 a6 15. Nd4 Bh7 16. Bh3 Ne5 17. Nb3 Rfe8 18. Ra2 Re7 19. Bc5 Ne8 20. N1d2 g5 21. Rb1 g4 22. Bf1 Nd7 23. Be3 h5 24. c4 {Gokerkan,C (2523)-Mohamed,A (2271) Reykjavik ISL 2024 ½-½ (118)}) 10. Nc3 Be7 11. a3 O-O 12. b4 Bh7 13. Be3 Qd8 14. b5 Nb8 15. bxc6 Nxc6 16. Nd4 Qd7 17. Qb3 Rfd8 18. Rab1 b6 19. Nxc6 Qxc6 20. Rfc1 Qd7 21. Bd4 Rac8 22. Bxf6 Bxf6 23. Nxd5 Be5 24. a4 Bf5 25. Qb4 Bd6 26. Qb5 Ba3 27. Rxc8 Rxc8 28. Be4 Be6 29. Nf4 Bg4 30. h3 Qxb5 31. axb5 Bd7 32. Ra1 Rc1+ 33. Rxc1 Bxc1 34. Bc6 Bc8 35. Kg2 Kf8 36. Nd5 Be6 37. f4 Bb2 38. g4 g6 39. Kf3 Ba3 40. e4 Bc5 41. e5 h5 42. Nf6 hxg4+ 43. hxg4 Ke7 44. Ke4 Bf2 45. d4 Bb3 46. d5 Bh4 47. d6+ Kf8 48. g5 Be6 49. Bd5 Bf5+ 50. Kf3 Be1 51. Be4 Be6 52. Bd5 Bf5 53. Bc6 Bb4 54. Ke2 Bc5 55. Bd7 Bc2 56. Kd2 Bb3 57. Bc6 Be6 58. Kd3 Ba3 59. Bd5 Bf5+ 60. Be4 Be6 61. Bc6 Bc1 62. Ke4 Bf5+ 63. Kf3 Be6 64. Nh7+ Kg7 65. Nf6 Kf8 66. Nd5 Bd2 67. d7 Bxd5+ 68. Bxd5 Ke7 69. Bxf7 1-0

[Event "TCh-ESP 2nd Div 2023"]
[Site "Linares ESP"]
[Date "2023.08.15"]
[Round "4.1"]
[White "Iturrizaga Bonelli, Eduardo"]
[Black "Sosa, T ARG"]
[Result "1-0"]
[WhiteElo "2617"]
[BlackElo "2556"]
[PlyCount "83"]
[EventDate "2023.08.13"]
[WhiteTeam "Filantropos Equigoma"]
[BlackTeam "EVA Manises"]

1. Nf3 d5 2. c4 d4 3. g3 Nc6 4. Bg2 e5 5. d3 Bb4+ 6. Bd2 a5 7. O-O Nf6 8. Na3 O-O 9. Nc2 ({RR} 9. Nb5 h6 10. e3 Bxd2 11. Qxd2 dxe3 12. Qxe3 Re8 13. Rfe1 Nb4 14. Re2 Ng4 15. Qd2 c6 16. Nc3 Qxd3 17. Rd1 Qxd2 18. Rdxd2 Bf5 19. h3 Nf6 20. Rxe5 Rxe5 21. Nxe5 g5 22. f4 gxf4 23. gxf4 Nh5 {Tomashevsky,E (2731)-Gelfand,B (2743) Moscow 2016 0-1 (34)}) 9... Re8 ({RR} 9... Be7 10. a3 Re8 11. b4 Bf8 12. Re1 Bg4 13. h3 Bxf3 14. Bxf3 e4 15. dxe4 Ne5 16. Bg2 Nxc4 17. Bg5 c5 18. Qd3 Ne5 19. Qb5 d3 20. Ne3 cxb4 21. Nd5 Qd7 22. Qxd7 Nfxd7 23. Nc7 bxa3 24. exd3 {Iliaguev,N (2397)-Rodshtein,M (2590) Israel ISR 2024 0-1 (51)}) 10. Nxb4 axb4 11. Ne1 e4 $146 ({RR} 11... Qe7 12. f3 Bd7 13. Nc2 Reb8 14. a4 bxa3 15. Nxa3 Nb4 16. Qb1 c5 17. Rc1 h5 18. Nc2 h4 19. Nxb4 cxb4 20. Rf1 Nh5 21. Rxa8 Rxa8 22. Qe1 hxg3 23. hxg3 b3 24. Qf2 Bc6 25. Kh2 {½-½ (25) Bricard,E (2375)-Pein,M (2420) Val Thorens 1990}) 12. Nc2 e3 13. fxe3 dxe3 14. Be1 Bg4 15. Bxb4 Nxb4 16. Nxb4 c6 17. Rf4 Qa5 18. a3 Qh5 19. Qc2 Re6 20. Qc3 Bxe2 21. Re1 Ng4 22. h4 g5 23. Rf5 h6 24. Rxe2 Nf2 25. Qe1 Rae8 26. Rf3 gxh4 27. Rfxe3 hxg3 28. Rxg3+ Ng4 29. Be4 Kf8 30. Nc2 f5 31. Qf1 Rf6 32. Bf3 Rxe2 33. Qxe2 Qh4 34. Rg2 h5 35. Bxg4 hxg4 36. Qe5 f4 37. Nd4 f3 38. Nf5 Qg5 39. Qe7+ Kg8 40. Qe8+ Rf8 41. Qe6+ Rf7 42. Nh6+ 1-0

[Event "World Rapid Team 2023"]
[Site "Dusseldorf GER"]
[Date "2023.08.26"]
[Round "3.2"]
[White "Nihal, Sarin"]
[Black "Aronian, L."]
[Result "1-0"]
[WhiteElo "2684"]
[BlackElo "2742"]
[PlyCount "83"]
[EventDate "2023.08.26"]
[EventType "rapid"]
[WhiteTeam "Team MGD1"]
[BlackTeam "Kompetenzakademie Allstars"]

1. Nf3 d5 2. b3 Bf5 3. Bb2 e6 4. g3 Nf6 5. Bg2 Be7 6. d3 h6 7. O-O O-O 8. Nbd2 Bh7 9. c4 c6 10. a3 a5 11. Ra2 Nbd7 12. Qa1 Ne8 13. Rc1 ({RR} 13. e4 dxe4 14. dxe4 Nc5 15. e5 Nd3 16. Bd4 Bc5 17. Bxc5 Nxc5 18. Qc3 Qd3 19. Rc1 Nc7 20. Ne1 Qxc3 21. Rxc3 Rfd8 22. f4 f6 23. exf6 gxf6 24. Kf2 e5 25. fxe5 fxe5 26. Re3 Re8 27. Be4 Nxe4+ {Karjakin,S (2747)-Goryachkina,A (2576) Krasnogorsk RUS 2023 1-0 (53)}) 13... Bf6 14. b4 ({RR} 14. Ne5 Nxe5 15. Bxe5 Bxe5 16. Qxe5 Qd6 17. Qa1 Nf6 18. Rac2 Rfd8 19. Qb2 Rac8 20. b4 axb4 21. axb4 Ra8 22. b5 Rdb8 23. Nf3 Bf5 24. h3 Qa3 25. Nd4 Qxb2 26. Rxb2 Rc8 27. Nxf5 exf5 28. bxc6 bxc6 {Topalov,A (2233)-Bold,A (2194) chess.com INT 2023 1-0 (76)}) 14... Nd6 15. Bxf6 $146 ({RR} 15. b5 cxb5 16. Bxf6 Nxf6 17. c5 {1-0 (17) Livshin,I-Romanovsky,P Kharkov 1956}) 15... Qxf6 16. Qxf6 Nxf6 17. Rb2 axb4 18. axb4 Ra4 19. Ne5 Rfa8 20. f4 Ra2 21. Rcc2 Rxb2 22. Rxb2 Ra1+ 23. Kf2 dxc4 24. Ndxc4 Nxc4 25. dxc4 Be4 26. b5 cxb5 27. Rxb5 g5 28. h4 gxf4 29. gxf4 h5 30. Bf3 Ra8 31. Ke3 Bxf3 32. exf3 Ne8 33. Rxb7 Nd6 34. Rd7 Nf5+ 35. Kd2 Rf8 36. c5 f6 37. c6 fxe5 38. c7 exf4 39. Ke1 e5 40. Kf2 e4 41. fxe4 Ng3 42. Kf3 1-0

[Event "World Rapid Team 2023"]
[Site "Dusseldorf GER"]
[Date "2023.08.27"]
[Round "6.9"]
[White "Harikrishna, P."]
[Black "So, W."]
[Result "1-0"]
[WhiteElo "2711"]
[BlackElo "2769"]
[PlyCount "117"]
[EventDate "2023.08.26"]
[EventType "rapid"]
[WhiteTeam "Team MGD1"]
[BlackTeam "WR Chess"]

1. Nf3 d5 2. g3 c5 3. Bg2 Nc6 4. d4 Nf6 5. O-O e6 6. c4 dxc4 7. dxc5 Qxd1 8. Rxd1 Bxc5 9. Nbd2 c3 10. bxc3 O-O 11. Nb3 Be7 12. Nfd4 Nxd4 13. Rxd4 ({RR} 13. cxd4 Nd5 14. Bd2 f5 15. Rac1 b6 16. Bxd5 exd5 17. Rc7 Bd8 18. Rc2 Ba6 19. Bf4 Be7 20. Rdc1 Ba3 21. Rb1 Rac8 22. Na1 Rfe8 23. Be5 Kf7 24. Kf1 g5 25. Rb3 Be7 26. Rbc3 Rxc3 27. Rxc3 Rc8 {Vachier Lagrave,M (2780)-So,W (2754) Abidjan 2019 1-0 (57)}) ({RR} 13. cxd4 Nd5 14. Bb2 Bd7 15. e4 Nb6 16. Nc5 Bc6 17. Rac1 Rfd8 18. Nd3 Rac8 19. Nf4 Kf8 20. h4 Ba4 21. Rxc8 Rxc8 22. Rc1 Nc4 23. Bf1 Nd6 24. Rxc8+ Nxc8 25. d5 exd5 26. Nxd5 Bc5 27. h5 Nd6 {Taspinar,Y (2278)-So,W (2765) chess.com INT 2023 0-1 (50)}) 13... Nd5 ({RR} 13... e5 14. Rd1 Rb8 15. Na5 Bd8 16. Nc4 Bc7 17. Ba3 Re8 18. Nd6 Bxd6 19. Bxd6 Ra8 20. c4 e4 21. c5 Bd7 22. a4 Bc6 23. a5 a6 24. Rd4 h6 25. Rb1 g6 26. Rb2 Kg7 27. Rdb4 Rac8 28. Bh3 {Van Meter,L (1906)-Tan,C (1762) Reykjavik ISL 2024 ½-½ (53)}) 14. c4 $146 ({RR} 14. Bxd5 exd5 15. Rxd5 Be6 16. Rb5 b6 17. Nd4 Bc4 18. Rb2 Rac8 19. a4 Rfe8 20. Be3 Bf6 21. Kf1 h6 22. a5 bxa5 23. Rxa5 a6 24. Ke1 Kh7 25. h4 Red8 26. f3 Rd7 27. Bf2 Bb5 28. Kd2 Rdc7 {Meier,G (2629)-Santos Latasa,J (2656) Baku AZE 2023 ½-½ (55)}) 14... Nb6 15. c5 Nd5 16. Bb2 Bd7 17. Bxd5 exd5 18. Rxd5 Be6 19. Rd3 Rfd8 20. Nd4 Bc4 21. Rdd1 Bxc5 22. e3 Rac8 23. a4 f6 24. Ba3 b6 25. Bxc5 Rxc5 26. Rdc1 Rdc8 27. Nb5 Bxb5 28. Rxc5 Rxc5 29. axb5 Rc7 30. Kg2 Kf7 31. Kf3 Ke6 32. Ke4 h5 33. h3 Re7 34. g4 Kd6+ 35. Kd4 hxg4 36. hxg4 g5 37. f4 gxf4 38. exf4 Rd7 39. Rc1 Ke6+ 40. Ke4 Kf7 41. Rc6 Rd1 42. Rc7+ Kg6 43. f5+ Kg5 44. Rg7+ Kh4 45. Rg6 Rb1 46. Kd5 Rxb5+ 47. Ke6 a5 48. Rxf6 a4 49. Rh6+ Kg5 50. Rh1 Rb3 51. Rf1 Re3+ 52. Kf7 b5 53. f6 b4 54. Kg7 a3 55. f7 Re7 56. Rf5+ Kh4 57. Ra5 Kxg4 58. Ra4 Kf5 59. Rxb4 1-0

[Event "World Rapid Team 2023"]
[Site "Dusseldorf GER"]
[Date "2023.08.28"]
[Round "11.1"]
[White "Svidler, P."]
[Black "Dubov, Daniil"]
[Result "1-0"]
[WhiteElo "2688"]
[BlackElo "2716"]
[PlyCount "77"]
[EventDate "2023.08.26"]
[EventType "rapid"]
[WhiteTeam "Chess Pensioners"]
[BlackTeam "Freedom"]

1. Nf3 d5 2. g3 g6 3. d4 Nf6 4. c4 c6 5. Qa4 dxc4 6. Qxc4 Bg7 7. Bg2 O-O 8. O-O b5 9. Qc3 ({RR} 9. Qb3 Be6 10. Qa3 a5 11. Bg5 b4 12. Qd3 Nbd7 13. Nbd2 c5 14. Rfc1 Rc8 15. a3 cxd4 16. axb4 Rxc1+ 17. Rxc1 axb4 18. Bf4 Nd5 19. Nxd4 Nxf4 20. gxf4 Nc5 21. Rxc5 Bxd4 22. Rc2 Bg7 23. b3 Bc3 {Piesik,P (2421)-Dubov,D (2693) chess.com INT 2024 0-1}) 9... Bf5 ({RR} 9... Bb7 10. Ne5 Nd5 11. Qc2 Na6 12. Nxc6 Qd7 13. Bxd5 Rac8 14. Qb3 Bxc6 15. Bxc6 Rxc6 16. Be3 Bxd4 17. Rd1 Rd6 18. Bxd4 Rxd4 19. Nc3 Nc7 20. Rxd4 Qxd4 21. Nxb5 Nxb5 22. Qxb5 Rc8 23. Qb7 Rc2 24. Qxe7 {Ding,L (2791)-Carlsen,M (2863) chess24.com INT 2020 ½-½ (60)}) ({RR} 9... Nd5 10. Qc2 Bb7 11. e4 Nb6 12. Rd1 N8d7 13. Bf4 Rc8 14. Nc3 c5 15. d5 b4 16. Nb5 a6 17. Na7 Ra8 18. Nc6 Qe8 19. Bg5 f6 20. Be3 Rc8 21. Bxc5 Bxc6 22. dxc6 Nxc5 23. Qxc5 Qxc6 24. Qxe7 {Svane,R (2633)-Sahib,S (2432) chess.com INT 2024 1-0}) 10. Rd1 a5 11. Qe1 Bc2 $146 ({RR} 11... Qc8 12. Nc3 Rd8 13. Bf4 Nd5 14. Be5 b4 15. Nxd5 cxd5 16. Rdc1 Qa6 17. Bxg7 Kxg7 18. a3 b3 19. Rc3 a4 20. Ne5 Be4 21. Rac1 Ra7 22. Rc7 Bc2 23. Rc3 Qd6 24. Qd2 Rc7 25. Rxc7 Qxc7 26. Nd3 {Ding,L (2799)-Aronian,L (2782) chess24.com INT 2021 1-0 (62)}) 12. Rd2 Bf5 13. Nc3 Ne4 14. Rd1 Nxc3 15. Qxc3 b4 16. Qb3 Nd7 17. Bg5 Qb6 18. Rac1 a4 19. Qe3 Be6 20. a3 Bb3 21. Rd2 bxa3 22. bxa3 Rfe8 23. Bh6 Bf6 24. Qf4 Nf8 25. Ne5 Ne6 26. Nd7 Qd8 27. Nxf6+ exf6 28. Qh4 Rc8 29. Rxc6 Qe7 30. d5 Rxc6 31. dxc6 Qxa3 32. Qxf6 Qc1+ 33. Bf1 Qxc6 34. Bh3 Qc1+ 35. Kg2 Qc6+ 36. f3 Qc7 37. Rd4 Bc2 38. Bxe6 fxe6 39. Rc4 1-0

[Event "96th ch-FRA 2023"]
[Site "L'Alpe d'Huez FRA"]
[Date "2023.08.21"]
[Round "2.3"]
[White "Edouard, R."]
[Black "Maze, S."]
[Result "1-0"]
[WhiteElo "2514"]
[BlackElo "2546"]
[PlyCount "91"]
[EventDate "2023.08.18"]
[EventType "k.o."]

1. Nf3 Nf6 2. g3 c5 3. Bg2 Nc6 4. O-O e5 5. c4 d5 6. Qa4 Bd7 7. cxd5 Nd4 ({RR} 7... Nxd5 8. Nxe5 Nxe5 9. Qe4 Bd6 10. Qxd5 Bc6 11. Qb3 O-O 12. Bxc6 Nxc6 13. Qxb7 Nd4 14. Nc3 Rb8 15. Qd5 Qe7 16. d3 Be5 17. Rb1 Rfd8 18. Qe4 f5 19. Bg5 Qe6 20. Qe3 Re8 21. f4 Bd6 22. Qxe6+ {Izoria,Z (2603)-Hilby,C (2445) Chess.com INT 2019 1-0 (51)}) 8. Qd1 Nxf3+ 9. Bxf3 h5 $146 ({RR} 9... Bh3 10. Qa4+ Nd7 11. Re1 Bd6 12. Nc3 f5 13. d3 O-O 14. Nb5 Nb6 15. Qb3 a6 16. Nxd6 Qxd6 17. Bd2 Rab8 18. Rac1 Nd7 19. Qa4 f4 20. b4 fxg3 21. hxg3 c4 22. dxc4 e4 23. Bxe4 g5 24. Qb3 {Markowski,T (2557)-Rajlich,I (2395) Koszalin 1999 1-0 (32)}) 10. Nc3 h4 11. e3 hxg3 12. fxg3 c4 13. b3 Rc8 14. bxc4 Rxc4 15. Qb3 Qc8 16. Ba3 Ng4 17. d6 Be6 18. Bxb7 Qd7 19. Bd5 Rc8 20. Bxe6 fxe6 21. Nb5 Nf6 22. Qb2 a6 23. Nc7+ Kf7 24. d4 exd4 25. Rad1 Bxd6 26. Rxd4 Qxc7 27. Bxd6 Qc2 28. Rd2 Qe4 29. Qe5 Qxe5 30. Bxe5 Kg6 31. Rd6 Rc2 32. h4 Ng4 33. Rxe6+ Kh7 34. Bd4 Rxa2 35. Re7 Rg8 36. Rff7 Kh6 37. Bxg7+ Kg6 38. Bd4 Nh6 39. Rf6+ Kh5 40. Re5+ Kg4 41. Rxh6 Rc8 42. Rc5 Rb8 43. Rb6 Rf8 44. Rb2 Rxb2 45. Bxb2 Kxg3 46. h5 1-0

[Event "96th ch-FRA 2023"]
[Site "L'Alpe d'Huez FRA"]
[Date "2023.08.21"]
[Round "2.5"]
[White "Edouard, R."]
[Black "Maze, S."]
[Result "1-0"]
[WhiteElo "2514"]
[BlackElo "2546"]
[PlyCount "103"]
[EventDate "2023.08.18"]
[EventType "k.o."]

1. Nf3 Nf6 2. g3 g6 3. Bg2 Bg7 4. c4 d6 5. O-O O-O 6. Nc3 c6 7. Rb1 d5 8. d4 $146 ({RR} 8. b3 d4 9. Na4 Re8 10. d3 e5 11. Bg5 h6 12. Bxf6 Qxf6 13. Nd2 Qe7 14. b4 f5 15. Qc2 Be6 16. b5 Rc8 17. Nb3 Rc7 18. bxc6 b6 19. c5 Nxc6 20. Nxb6 Rd8 21. a3 Qf7 22. Nd2 Ne7 {Sokolov,I (2570)-Torre,E (2555) Biel 1988 ½-½}) ({RR} 8. cxd5 cxd5 9. d4 Bf5 10. Ra1 Nc6 11. Bf4 Rc8 12. Rc1 Qb6 13. Na4 Qa6 14. a3 b6 15. Nc3 Na5 16. Ne5 Be6 17. Bg5 Rfd8 18. Re1 h6 19. Bf4 g5 20. Be3 Nc4 21. Nxc4 Rxc4 22. Qd3 Qa5 {Kozak,A (2601)-Naroditsky,D (2619) chess.com INT 2025 1-0 (84)}) 8... Bf5 9. Ra1 dxc4 10. Ne5 Ng4 11. e4 Nxe5 12. exf5 Nd3 13. fxg6 hxg6 14. d5 Qb6 15. Qe2 Re8 16. h4 e6 17. h5 gxh5 18. Ne4 cxd5 19. Ng5 Nd7 20. Qxh5 N3e5 21. Qh7+ Kf8 22. b3 Qd6 23. a4 Nf6 24. Qh3 Kg8 25. Bb2 Rac8 26. bxc4 Rxc4 27. Rfe1 d4 28. Bf1 Rc2 29. Ba3 Qc6 30. Rxe5 Qc3 31. Ree1 Qd2 32. Re2 Qc3 33. Rxc2 Qxa1 34. Bb2 Qxa4 35. Rc7 Qa5 36. Rxf7 Qxg5 37. Rxb7 Qg4 38. Rxa7 Qxh3 39. Bxh3 Ne4 40. Ra6 Nc5 41. Rc6 Nd3 42. Ba3 Kf7 43. Bf1 Ne5 44. Rc7+ Kg6 45. f4 Ng4 46. Bd3+ Kh6 47. Be7 Ra8 48. Bg5+ Kh5 49. Rxg7 Ra1+ 50. Kg2 Ra2+ 51. Kf3 Nh2+ 52. Ke4 1-0

[Event "96th ch-FRA 2023"]
[Site "L'Alpe d'Huez FRA"]
[Date "2023.08.24"]
[Round "3.4"]
[White "Edouard, R."]
[Black "Lagarde, Max"]
[Result "1-0"]
[WhiteElo "2514"]
[BlackElo "2600"]
[PlyCount "101"]
[EventDate "2023.08.18"]
[EventType "k.o."]

1. Nf3 Nf6 2. g3 e6 3. Bg2 Be7 4. O-O O-O 5. d3 d5 6. Nbd2 c5 7. e4 Nc6 8. Qe2 b5 9. e5 Nd7 10. Re1 b4 11. h4 a5 12. Nf1 Ba6 ({RR} 12... a4 13. N1h2 Kh8 14. Bf4 a3 15. b3 f6 16. exf6 Bxf6 17. Bg5 Qc7 18. Bxf6 Nxf6 19. Qe3 Qd6 20. Ne5 Nd4 21. Qd2 Bb7 22. f4 Rae8 23. Nhf3 Nxf3+ 24. Bxf3 Nd7 25. Re2 Nxe5 26. Rxe5 Qxe5 27. fxe5 {Pridorozhni,A (2563)-Belous,V (2557) Khanty-Mansiysk 2015 ½-½ (67)}) ({RR} 12... a4 13. a3 bxa3 14. bxa3 Rb8 15. Bf4 Ba6 16. N1h2 Rb6 17. h5 c4 18. Ng4 cxd3 19. cxd3 Na5 20. h6 g6 21. Qe3 Nc5 22. Bg5 Bxg5 23. Nxg5 Nxd3 24. Nf6+ Kh8 25. Red1 Nb2 26. Re1 Nbc4 27. Qf4 {Ruge,E (2201)-Perske,T (2453) chess.com INT 2025 1-0 (31)}) 13. c4 bxc3 14. bxc3 Ndxe5 $146 ({RR} 14... Rb8 15. Bf4 a4 16. Rab1 Qa5 17. Qc2 a3 18. Rb3 c4 19. dxc4 Bxc4 20. Rxb8 Rxb8 21. Bc1 Nc5 22. Re3 Qa6 23. Ne1 Nd7 24. Nf3 Bc5 25. Re1 Qb5 26. N1d2 Bd3 27. Qd1 Qb6 28. Nd4 Nxd4 29. cxd4 {Radics,L (1988)-Toth,G (2183) Hungary 2011 0-1 (37)}) 15. Nxe5 Nxe5 16. Qxe5 Bf6 17. Qe2 Bxc3 18. Bb2 Bxe1 19. Rxe1 Rb8 20. Be5 Rb6 21. Bc3 Rd6 22. Qd2 a4 23. d4 Bxf1 24. Bxf1 c4 25. Bb4 Rb6 26. Bxf8 Qxf8 27. Re3 Rb4 28. Be2 Qb8 29. a3 Rb3 30. Bd1 Rxe3 31. Qxe3 Qb1 32. Qd2 Qa1 33. Qc2 Qxa3 34. Qxa4 Qf8 35. h5 g6 36. Kg2 Qe7 37. Qb5 Kg7 38. Qb8 gxh5 39. Qe5+ f6 40. Qxh5 f5 41. Qh4 Qf8 42. Qg5+ Kh8 43. Ba4 Qf7 44. f4 c3 45. Qd8+ Kg7 46. Qg5+ Kf8 47. Qd8+ Kg7 48. Qd6 Qa7 49. Bd7 Qa2+ 50. Kh3 Qe2 51. Qe7+ 1-0